| 000 | 02159cam a2200349 a 4500 | ||
|---|---|---|---|
| 999 |
_c129080 _d129080 |
||
| 001 | 14977096 | ||
| 003 | ARRUPE | ||
| 005 | 20190222083451.0 | ||
| 008 | 070823s2007 nyua 001 0 eng | ||
| 010 | _a 2007034545 | ||
| 020 | _a9781586484934 (hardcover) | ||
| 020 | _a1586484931 (hardcover) | ||
| 035 | _a(OCoLC)ocn167501962 | ||
| 035 |
_a(OCoLC)167501962 _z(OCoLC)148914034 |
||
| 040 |
_aDLC _cDLC _dYDX _dYDXCP _dBAKER _dBTCTA _dDLC |
||
| 050 | 0 | 0 |
_aHD60 _b.Y86 2007 |
| 082 | 0 | 0 |
_a338.7 _222 |
| 100 | 1 |
_aYunus, Muhammad, _d1940- _944827 |
|
| 245 | 1 | 0 |
_aCreating a world without poverty : _bsocial business and the future of capitalism / _cMuhammad Yunus with Karl Weber. |
| 260 |
_aNew York : _bPublicAffairs, _cc2007. |
||
| 300 |
_axvii, 261 p. : _bill. ; _c25 cm. |
||
| 500 | _aIncludes index. | ||
| 505 | 0 | _aPrologue : starting with a handshake -- The promise of social business -- A new kind of business -- Social business : what it is and what it is not -- The Grameen experiment -- The microcredit revolution -- From microcredit to social business -- The battle against poverty : Bangladesh and beyond -- God is in the details -- One cup of yogurt a a time -- A world without poverty -- Broadening the marketplace -- Information technology, globalization, and a transformed world -- Hazards of prosperity -- Putting poverty in museums -- Epilogue: "Poverty is a threat to peace"--the nobel prize lecture. | |
| 650 | 0 |
_aSocial responsibility of business. _912958 |
|
| 650 | 0 |
_aIndustries _xSocial aspects. _944828 |
|
| 650 | 0 |
_aPoverty _xPrevention. _944829 |
|
| 700 | 1 |
_aWeber, Karl, _d1953- _944830 |
|
| 856 | 4 | 1 |
_3Table of contents only _uhttp://www.loc.gov/catdir/toc/ecip0725/2007034545.html |
| 856 | 4 | 2 |
_3Contributor biographical information _uhttp://www.loc.gov/catdir/enhancements/fy0828/2007034545-b.html |
| 856 | 4 | 2 |
_3Publisher description _uhttp://www.loc.gov/catdir/enhancements/fy0828/2007034545-d.html |
| 906 |
_a7 _bcbc _corignew _d1 _eecip _f20 _gy-gencatlg |
||
| 942 |
_2lcc _cMONOGRAPH |
||